Welcome to the Holygrace Academy Library

Please use search bar below to get started

MURDEROUS MATHS: THE FIENDISH INGLETRON (Record no. 2151)

MARC details
000 -LEADER
fixed length control field 00415nam a22001577a 4500
020 ## - INTERNATIONAL STANDARD BOOK NUMBER
ISBN 0439968593
082 ## - DEWEY DECIMAL CLASSIFICATION NUMBER
Classification number 823
Item number POS/1
100 ## - MAIN ENTRY--AUTHOR NAME
Personal name POSKITT, KJARTAN
245 ## - TITLE STATEMENT
Title MURDEROUS MATHS: THE FIENDISH INGLETRON
246 ## - VARYING FORM OF TITLE
Title proper/short title MURDEROUS MATHS: THE FIENDISH INGLETRON
260 ## - PUBLICATION, DISTRIBUTION, ETC. (IMPRINT)
Place of publication NEW DELHI
Name of publisher SCHOLASTIC
Year of publication 2004
300 ## - PHYSICAL DESCRIPTION
Number of Pages 208
520 ## - SUMMARY, ETC.
Summary, etc TRIGNOMETIC TASKS BOOKS
650 ## - SUBJECT ADDED ENTRY--TOPICAL TERM
Topical Term TRIGNOMETIC TASKS BOOKS
942 ## - ADDED ENTRY ELEMENTS (KOHA)
Koha item type Books
Holdings
Withdrawn status Lost status Collection code Home library Current library Shelving location Date acquired Source of acquisition Cost, normal purchase price Full call number Accession Number Koha item type
    Fiction Main Library Main Library SHELF 4-C HORRIBLE HISTORIES 25/11/2019 Purchase 40.00 823 POS/T 12029 Books